000 00698nam a22001697a 4500
003 OSt
005 20171010095534.0
008 121008t xxu||||| |||| 00| 0 eng d
040 _aMMSU
_cULS
100 _aClemente, Julius B., Simpliciano, Rosetan J., Pascua, Orlino T. Jr.
_913189
245 _aDetermination of energy savings from air conditioning units through different mode settings
_cJulius B. Clemente, Rosetan J. Simpliciano, Orlino T. Pascua Jr.
260 _c2008
300 _aviii, [70] leaves
_c28 cm.
500 _aThesis (BS Electrical Engineering) -- Mariano Marcos State University-College of Engineering, Batac City
504 _aBibliography: leaf 29
942 _2ddc
_cTHEDIS
999 _c9823
_d9823